| 000 | 00597nam a2200217 i 4500 | ||
|---|---|---|---|
| 001 | bg | ||
| 100 | 1 | _aMORTIER, R. Shamms | |
| 245 | 1 | 0 |
_aAfter Effects 4 dla każdego / _cR. Shamms Mortier. |
| 260 |
_aGliwice : _bHelion, _c2000. |
||
| 300 |
_a712 s., [16 k. tabl.] : _bfot., rys. ; _c24 cm + _eCD ROM. |
||
| 504 | _aIndeks. | ||
| 650 | 9 | _aAfter Effects | |
| 655 | _aPodręczniki | ||
| 020 | _a8371971451 | ||
| 040 | _cBPK | ||
| 041 | 1 |
_apl _hen |
|
| 080 | _a004.42After Effects:004.92:004.932](07) | ||
| 920 | _a83-7197-145-1 | ||
| 942 | _cKS | ||
| 008 | s pl f |000 0 pol | ||
| 999 |
_c36793 _d36793 |
||
| 856 |
_uhttp://koha.tu.koszalin.pl/cgi-bin/koha/opac-detail.pl?biblionumber=36793 _yKatalog online BPK |
||